000 00357nam a2200133 i 4500
001 bg
100 1 _aJanecki, Janusz
_d(1928- ).
245 0 _aZużycie części samochodowych wykonanych z tworzyw sztucznych /
_cJanusz Janecki.
260 _aWarszawa,
_c1982.
040 _cBPK
041 _apol
942 _cKS
008 s pl f |000 0 pol
999 _c21146
_d21146
856 _uhttp://koha.tu.koszalin.pl/cgi-bin/koha/opac-detail.pl?biblionumber=21146
_yKatalog online BPK